<?xml version="1.0" encoding="UTF-8"?>
<record
    xmlns:xsi="http://www.w3.org/2001/XMLSchema-instance"
    xsi:schemaLocation="http://www.loc.gov/MARC21/slim http://www.loc.gov/standards/marcxml/schema/MARC21slim.xsd"
    xmlns="http://www.loc.gov/MARC21/slim">

  <leader>01347nam a2200193 a 4500</leader>
  <controlfield tag="008">161215t2015    ag  |||g |||| 00| f spa d</controlfield>
  <datafield tag="020" ind1=" " ind2=" ">
    <subfield code="a">9789504948629</subfield>
  </datafield>
  <datafield tag="041" ind1=" " ind2=" ">
    <subfield code="a">spa</subfield>
  </datafield>
  <datafield tag="092" ind1=" " ind2=" ">
    <subfield code="c">808</subfield>
    <subfield code="l">51</subfield>
    <subfield code="s">MAA</subfield>
  </datafield>
  <datafield tag="100" ind1="1" ind2=" ">
    <subfield code="a">Maas, Sarah J.</subfield>
    <subfield code="9">4357</subfield>
  </datafield>
  <datafield tag="245" ind1=" " ind2="4">
    <subfield code="a">Una corte de rosas y espinas /</subfield>
    <subfield code="c">Sarah J. Maas</subfield>
  </datafield>
  <datafield tag="250" ind1=" " ind2=" ">
    <subfield code="a">1a ed.</subfield>
    <subfield code="b">Traducci&#xF3;n M&#xE1;rgar Averbach</subfield>
  </datafield>
  <datafield tag="260" ind1=" " ind2=" ">
    <subfield code="a">Buenos Aires:</subfield>
    <subfield code="b">Planeta;</subfield>
    <subfield code="c">2015.</subfield>
  </datafield>
  <datafield tag="300" ind1=" " ind2=" ">
    <subfield code="a">456 p.</subfield>
    <subfield code="c">23x15 cm.</subfield>
  </datafield>
  <datafield tag="500" ind1=" " ind2=" ">
    <subfield code="a">Maas, S. J. (2015). Una corte de rosas y espinas. (1a ed.). Buenos Aires : Planeta.</subfield>
  </datafield>
  <datafield tag="505" ind1=" " ind2=" ">
    <subfield code="a">Lentamente, como d&#xE1;ndome tiempo para alejarme, roz&#xF3; sus labios contra mi mejilla. Tierno, c&#xE1;lido y desoladoramente gentil. Me obsequi&#xF3; poco menos que una caricia antes de regresar a su habitual rigidez. Hubiera permanecido inm&#xF3;vil desde el momento en el que su boca eriz&#xF3; mi piel. "Alg&#xFA;n d&#xED;a...alg&#xFA;n d&#xED;a podr&#xE9; responder a todas tus preguntas", dijo, solt&#xE1;ndome la mano y alej&#xE1;ndose de m&#xED;. "Pero no podr&#xE9; hacerlo hasta llegado el momento correcto. Hasta que estemos a salvo." En la oscuridad, el tono de su voz indicaba que sus ojos rebosaban de amargura. Cuando se fue, exhal&#xE9; una bocanada, y reci&#xE9;n ah&#xED; descubr&#xED; que hab&#xED;a estado aguantando la respiraci&#xF3;n. Tras su partida descubr&#xED; que deseaba con todo mi ser su calidez, su cercan&#xED;a. </subfield>
  </datafield>
  <datafield tag="655" ind1=" " ind2=" ">
    <subfield code="a">Novela</subfield>
    <subfield code="9">3091</subfield>
  </datafield>
  <datafield tag="942" ind1=" " ind2=" ">
    <subfield code="2">ddc</subfield>
    <subfield code="c">LIT</subfield>
  </datafield>
  <datafield tag="999" ind1=" " ind2=" ">
    <subfield code="c">3312</subfield>
    <subfield code="d">3312</subfield>
  </datafield>
  <datafield tag="952" ind1=" " ind2=" ">
    <subfield code="0">0</subfield>
    <subfield code="1">0</subfield>
    <subfield code="2">ddc</subfield>
    <subfield code="4">0</subfield>
    <subfield code="7">0</subfield>
    <subfield code="a">BFM</subfield>
    <subfield code="b">BFM</subfield>
    <subfield code="c">CR</subfield>
    <subfield code="d">2025-09-22</subfield>
    <subfield code="e">Donaci&#xF3;n Guerra, Valeria. Septiembre 2025.</subfield>
    <subfield code="l">0</subfield>
    <subfield code="o">808 51 MAS</subfield>
    <subfield code="p">5117</subfield>
    <subfield code="r">2025-09-22</subfield>
    <subfield code="t">Ej. 1</subfield>
    <subfield code="w">2025-09-22</subfield>
    <subfield code="y">LIT</subfield>
    <subfield code="z">Donaci&#xF3;n Guerra, Valeria. Septiembre 2025. Sede Tordos.</subfield>
    <subfield code="f"></subfield>
  </datafield>
</record>
